<?xml version="1.0" encoding="UTF-8"?><?xml-stylesheet type="text/xsl" href="static/style.xsl"?><OAI-PMH xmlns="http://www.openarchives.org/OAI/2.0/" xmlns:xsi="http://www.w3.org/2001/XMLSchema-instance" xsi:schemaLocation="http://www.openarchives.org/OAI/2.0/ http://www.openarchives.org/OAI/2.0/OAI-PMH.xsd"><responseDate>2026-06-07T19:16:29Z</responseDate><request verb="GetRecord" identifier="oai:docta.ucm.es:20.500.14352/57893" metadataPrefix="marc">https://docta.ucm.es/rest/oai/request</request><GetRecord><record><header><identifier>oai:docta.ucm.es:20.500.14352/57893</identifier><datestamp>2023-08-10T22:29:12Z</datestamp><setSpec>com_20.500.14352_14</setSpec><setSpec>col_20.500.14352_15</setSpec></header><metadata><record xmlns="http://www.loc.gov/MARC21/slim" xmlns:dcterms="http://purl.org/dc/terms/" xmlns:xsi="http://www.w3.org/2001/XMLSchema-instance" xmlns:doc="http://www.lyncode.com/xoai" xsi:schemaLocation="http://www.loc.gov/MARC21/slim http://www.loc.gov/standards/marcxml/schema/MARC21slim.xsd">
   <leader>00925njm 22002777a 4500</leader>
   <datafield ind2=" " ind1=" " tag="042">
      <subfield code="a">dc</subfield>
   </datafield>
   <datafield ind2=" " ind1=" " tag="720">
      <subfield code="a">Bombal Gordón, Fernando</subfield>
      <subfield code="e">author</subfield>
   </datafield>
   <datafield ind2=" " ind1=" " tag="260">
      <subfield code="c">1988</subfield>
   </datafield>
   <datafield ind2=" " ind1=" " tag="520">
      <subfield code="a">Let E be a Banach space and A⊂E a (V∗) set, i.e. a (bounded) set such that for every weakly unconditionally converging series ∑x∗n in E∗ one has limnsupA|x∗n(x)|=0. The space E is said to possess the property (V∗) of Pełczyński if any (V∗) set in E is relatively weakly compact, and the weak property (V∗) if any (V∗) set is conditionally weakly compact. The main result of the paper is the following. Theorem 9: Let (En) be a sequence of Banach spaces, 1≤p&lt;∞, and E=(∑⊕En)p. Then E has the property (V∗) [resp. the weak property (V∗)] if and only if so does any En. 
   The result is based upon the following characterizations of (V∗) sets in vector sequence spaces. Proposition 4: Let (En) be a sequence of Banach spaces and A⊂E=(∑⊕En)1 a bounded subset. The following assertions are equivalent: (a) A is a (V∗) set; (b) Πn(A)={xn:x=(xk)k∈A} is a (V∗) set in En, for every natural number n and lim supn→∞{∑∞k=n∥xk∥: x∈A}=0. Proposition 5: Let (En) be a sequence of Banach spaces and 1&lt;p&lt;∞ or p=0. For a bounded subset A⊂E=(∑⊕En)p, the following assertions are equivalent: (1) A is a (V∗) set; (b) Πn(A) is a (V∗) set in En, for every natural number n. Furthermore, well-known results about relatively (conditionally) weakly compact subsets of (∑⊕En)p are used in the proof of the main result.</subfield>
   </datafield>
   <datafield ind1="8" ind2=" " tag="024">
      <subfield code="a">0010-0757</subfield>
   </datafield>
   <datafield ind1="8" ind2=" " tag="024">
      <subfield code="a">https://hdl.handle.net/20.500.14352/57893</subfield>
   </datafield>
   <datafield ind1="8" ind2=" " tag="024">
      <subfield code="a">http://www.collectanea.ub.edu/index.php/Collectanea/article/view/3693/4372</subfield>
   </datafield>
   <datafield ind1="8" ind2=" " tag="024">
      <subfield code="a">http://www.collectanea.ub.edu/index.php/Collectanea</subfield>
   </datafield>
   <datafield ind2="0" ind1="0" tag="245">
      <subfield code="a">On Pełczyński's property (V∗) in vector sequence spaces</subfield>
   </datafield>
</record></metadata></record></GetRecord></OAI-PMH>